000 00501cam a2200169 4500500
005 20260405001920.0
041 _afre
042 _adc
100 1 0 _aGoron, Gaëtan
_eauthor
245 0 0 _aMots croisés #8
260 _c2014.
500 _a56
690 _aMots croisés
690 _aphilo
786 0 _nPhilosophie magazine | 85 | 12-1 | 2014-12-01 | p. 82-82 | 1951-1787
856 4 1 _uhttps://shs.cairn.info/magazine-philosophie-magazine-2014-12-1-page-82?lang=fr&redirect-ssocas=7080
999 _c2052337
_d2052337